Biostatistics:Foundation for Analysis in the Health Science (Record no. 10754)

MARC details
000 -LEADER
fixed length control field 00388nam a2200145Ia 4500
008 - FIXED-LENGTH DATA ELEMENTS--GENERAL INFORMATION
fixed length control field 230312s9999||||xx |||||||||||||| ||und||
020 ## - INTERNATIONAL STANDARD BOOK NUMBER
International Standard Book Number 1-118-30279-8
082 ## - DEWEY DECIMAL CLASSIFICATION NUMBER
Classification number 610
Item number DAN-B
100 ## - MAIN ENTRY--PERSONAL NAME
Personal name Daniel;Wayne.W
245 #0 - TITLE STATEMENT
Title Biostatistics:Foundation for Analysis in the Health Science
260 ## - PUBLICATION, DISTRIBUTION, ETC.
Name of publisher, distributor, etc. Wiley
Date of publication, distribution, etc. 2013
300 ## - PHYSICAL DESCRIPTION
Extent 775
650 ## - SUBJECT ADDED ENTRY--TOPICAL TERM
Topical term or geographic name entry element Pharmacy
Form subdivision Pharmacy/Biostatistics
942 ## - ADDED ENTRY ELEMENTS (KOHA)
Koha item type BOOK
Holdings
Withdrawn status Lost status Source of classification or shelving scheme Damaged status Not for loan Home library Current library Date acquired Total Checkouts Full call number Barcode Date last seen Price effective from Koha item type
    Dewey Decimal Classification     Superior Information Resource Center (SIRC) Superior University- Central Library Superior Information Resource Center (SIRC) Superior University- Central Library 03/13/2023   610 DAN-B 10867 03/13/2023 03/13/2023 BOOK

Powered by Koha